000
00328nam a2200145Ia 4500
008
230718s9999 xx 000 0 und d
041
_a
Eng.
082
_a
346.03
_b
MCB-T
100
_a
McBridge Nicholas
245
0
_a
Tort Law
260
_a
Pakistan
_b
Pearson publishers
_c
2003
300
_a
707
650
_a
Law
999
_c
29768
_d
29768